| 000 | 00349nam a2200121Ia 4500 | ||
|---|---|---|---|
| 008 | 230524s9999 xx 000 0 und d | ||
| 100 | _a"Hagit Attiya, Jennifer Welch" | ||
| 245 | 0 | _a"Distributed Computing: Fundamentals, Simulations, and Advanced Topics, " | |
| 260 | _bJ.Wiley | ||
| 500 | _aQuantity Number: 2 | ||
| 650 | _aComp-Sc | ||
| 942 | _cBK | ||
| 999 |
_c49971 _d49971 |
||